000 00483nam a22001817a 4500
999 _c478580
_d478580
003 NUST
005 20180605055618.0
008 180605b ||||| |||| 00| 0 eng d
020 _a9780198792901
038 _aSNS Library
082 _a541 ATK 2001
100 _aPeter Atkins
_910979
245 _aThe Elements of Physical Chemistry
_cPeter Atkins
250 _a3rd Ed.
260 _aNew York
_bOxford University Press
_c2001
300 _axiii, 548 P
_bPb.
942 _2ddc
_cBK